|
|
|
|
| LEADER |
00000nam0a2200000 4500 |
| 001 |
309519 |
| 005 |
20231102002210.0 |
| 020 |
|
|
|a RU
|b 81-93288
|
| 035 |
|
|
|a (RuTPU)RU\TPU\book\334841
|
| 090 |
|
|
|a 309519
|
| 100 |
|
|
|a 20151113d1981 km y0rusy5003 ca
|
| 101 |
0 |
|
|a rus
|
| 102 |
|
|
|a RU
|
| 105 |
|
|
|a a z 001zy
|
| 200 |
1 |
|
|a Петрология верхнемеловой вулканической серии Северной Армении
|f А. Х. Мнацаканян
|g Академия наук Армянской ССР (АН АрмССР), Институт геологических наук (ИГН)
|
| 210 |
|
|
|a Ереван
|c Изд-во АН АрмССР
|d 1981
|
| 215 |
|
|
|a 242 с.
|c ил., 12 л. табл.
|
| 320 |
|
|
|a Библиогр.: с. 229-240
|
| 606 |
1 |
|
|a Горные породы, изверженные
|2 stltpush
|3 (RuTPU)RU\TPU\subj\8111
|9 35597
|
| 610 |
1 |
|
|a меловой период
|
| 610 |
1 |
|
|a Армения
|
| 610 |
1 |
|
|a петрология
|
| 610 |
1 |
|
|a вулканизм
|
| 610 |
1 |
|
|a внутреннее строение
|
| 610 |
1 |
|
|a кристаллизация
|
| 610 |
1 |
|
|a породообразующие минералы
|
| 610 |
1 |
|
|a состав
|
| 610 |
1 |
|
|a базальтовые расплавы
|
| 675 |
|
|
|a 552.3
|z rus
|v 3
|
| 700 |
|
1 |
|a Мнацаканян
|b А. Х.
|g Алла Хачатуровна
|4 070
|
| 712 |
0 |
2 |
|a Академия наук Армянской ССР (АН АрмССР)
|b Институт геологических наук (ИГН)
|2 stltpush
|3 (RuTPU)RU\TPU\col\12969
|
| 801 |
|
0 |
|a RU
|b RuMRKP
|c 19950704
|g psbo
|
| 801 |
|
1 |
|a RU
|b 63413507
|c 20151113
|
| 801 |
|
2 |
|a RU
|b 63413507
|c 20190902
|g RCR
|
| 942 |
|
|
|c BK
|